<?xml version="1.0" encoding="UTF-8"?>
<marc:record xmlns:marc="http://www.loc.gov/MARC21/slim">
   <marc:leader>00000nam a2200000 a 4500</marc:leader>
   <marc:datafield ind1="1" ind2=" " tag="100">
      <marc:subfield code="a">Bomm, Manfred</marc:subfield>
      <marc:subfield code="4">aut</marc:subfield>
      <marc:subfield code="e">Verfasser/-in</marc:subfield>
   </marc:datafield>
   <marc:datafield ind1=" " ind2=" " tag="653">
      <marc:subfield code="a">Krimis</marc:subfield>
   </marc:datafield>
   <marc:datafield ind1=" " ind2=" " tag="653">
      <marc:subfield code="a">Thriller</marc:subfield>
   </marc:datafield>
   <marc:datafield ind1=" " ind2=" " tag="653">
      <marc:subfield code="a">Spionage</marc:subfield>
   </marc:datafield>
   <marc:datafield ind1="0" ind2="0" tag="245">
      <marc:subfield code="a">Trugschluss</marc:subfield>
   </marc:datafield>
   <marc:datafield ind1="0" ind2="0" tag="245">
      <marc:subfield code="b">der dritte (sehr außergewöhnliche) Fall für August Häberle</marc:subfield>
   </marc:datafield>
   <marc:datafield ind1="0" ind2="0" tag="245">
      <marc:subfield code="c">Manfred Bomm</marc:subfield>
   </marc:datafield>
   <marc:datafield ind1=" " ind2="1" tag="264">
      <marc:subfield code="a">Meßkirch</marc:subfield>
      <marc:subfield code="b">Gmeiner</marc:subfield>
      <marc:subfield code="c">2005</marc:subfield>
   </marc:datafield>
   <marc:datafield ind1="1" ind2=" " tag="490">
      <marc:subfield code="a">Krimi im Gmeiner-Verlag</marc:subfield>
   </marc:datafield>
   <marc:datafield ind1=" " ind2=" " tag="250">
      <marc:subfield code="a">Orig.-Ausg., 1. Aufl.</marc:subfield>
   </marc:datafield>
   <marc:datafield ind1="1" ind2=" " tag="520">
      <marc:subfield code="a">Eine verkohlte Leiche kann weder identifiziert werden, noch gibt es Anhaltspunkte, wer sie ausgerechnet neben einer militärischen Funkanlage auf der Hochfläche der Schwäbischen Alb abgelegt hat. Für Kommissar August Häberle, den erfahrenen Ermittler, der Land und Leute kennt, wie kaum ein anderer, beginnt ein Fall, der äußerst mysteriös erscheint und bis in die höchsten Ebenen der Politik hinein reicht. Während er fast schon befürchtet, das Verbrechen ungelöst zu den Akten legen zu müssen, spielen sich in Florida und Lugano seltsame Dinge ab. Eine neue Wende bekommt der Fall, als in die Wohnung einer Frau eingestiegen wird, die über das Brummton-Phänomen klagt. Die Spur führt nach Ulm, deren Stadtväter sich auf den 125. Geburtstag des dort geborenen Albert Einstein vorbereiten ...</marc:subfield>
   </marc:datafield>
   <marc:datafield ind1=" " ind2=" " tag="020">
      <marc:subfield code="a">9783899776324</marc:subfield>
      <marc:subfield code="9">9783899776324</marc:subfield>
   </marc:datafield>
   <marc:datafield ind1=" " ind2=" " tag="020">
      <marc:subfield code="a">3899776321</marc:subfield>
      <marc:subfield code="9">3899776321</marc:subfield>
   </marc:datafield>
   <marc:datafield ind1=" " ind2=" " tag="041">
      <marc:subfield code="a">ger</marc:subfield>
   </marc:datafield>
   <marc:datafield ind1=" " ind2=" " tag="300">
      <marc:subfield code="a">419 S.</marc:subfield>
   </marc:datafield>
</marc:record>
